00448 2200181 4500001002100000005001500021008004100036020001800077035001900095041000700114082001000121090001600131100002000147245001900167260003100186300001800217650003100235INLIS00000000001892120241224115609241224||||||||| | ||| |||| || |  a979-010-488-x 0010-1224018921 aid0 a741.3 a741.3 ARI s0 aArleen Amidjaja00aJane dan Hujan aJakartabBumi Aksarac2008 a23hlm;19X19cm 0aMenggambar & Seni dekorasi